Information technology project management / (Record no. 11529)

MARC details
000 -LEADER
fixed length control field 01187nac a22002411u 4500
008 - FIXED-LENGTH DATA ELEMENTS--GENERAL INFORMATION
fixed length control field 090513t xxu||||| |||| 00| 0 eng d
010 ## - LIBRARY OF CONGRESS CONTROL NUMBER
LC control number 2004351753
020 ## - INTERNATIONAL STANDARD BOOK NUMBER
International Standard Book Number 0324665229
020 ## - INTERNATIONAL STANDARD BOOK NUMBER
International Standard Book Number 9780324665222
035 ## - SYSTEM CONTROL NUMBER
System control number (OCoLC)ocm54002980
082 00 - DEWEY DECIMAL CLASSIFICATION NUMBER
Classification number 658.404
Item number SCH
100 ## - MAIN ENTRY--PERSONAL NAME
Personal name Schwalbe, Kathy.
9 (RLIN) 4731
245 10 - TITLE STATEMENT
Title Information technology project management /
Statement of responsibility, etc Kathy Schwalbe.
250 ## - EDITION STATEMENT
Edition statement 5th ed.
Remainder of edition statement International student edition
260 ## - PUBLICATION, DISTRIBUTION, ETC. (IMPRINT)
Place of publication, distribution, etc Australia :
Name of publisher, distributor, etc Thomson/Course Technology,
Date of publication, distribution, etc c2007.
300 ## - PHYSICAL DESCRIPTION
Extent Various p.;
Other physical details ill. ;
Dimensions 24 cm. +
Accompanying material 1 CD ROM (4 3/4 in.)
504 ## - BIBLIOGRAPHY, ETC. NOTE
Bibliography, etc Includes bibliographical references and index.
650 #0 - SUBJECT ADDED ENTRY--TOPICAL TERM
Topical term or geographic name as entry element Project management.
9 (RLIN) 4732
650 #0 - SUBJECT ADDED ENTRY--TOPICAL TERM
Topical term or geographic name as entry element Information technology
General subdivision Management.
9 (RLIN) 4733
942 ## - ADDED ENTRY ELEMENTS (KOHA)
Item type Book - Borrowing
Call number prefix 658.404SCH
Source of classification or shelving scheme Dewey Decimal Classification
Holdings
Withdrawn status Item status Source of classification or shelving scheme Damaged status Not for loan Vendor Home library Current library Shelving location Date acquired Source of acquisition Cost, normal purchase price Serial Enumeration / chronology Total Checkouts Total Renewals Full call number Barcode Date last seen Date last borrowed Koha item type Materials specified (bound volume or other part) Public note
    Dewey Decimal Classification     Iqraa Central Library Central Library First floor 13/05/2009   200.00 1393 4 13 658.404 SCH 000016348 15/07/2025 28/03/2021 Book - Borrowing    
    Dewey Decimal Classification     Iqraa Central Library Central Library First floor 13/05/2009     1393 1   658.404 SCH 000016349 24/08/2022 31/10/2011 CD | DVD - With book Lost In Inventory_2015-8-23 "Office project 2007"--- CD